<?xml version="1.0" encoding="UTF-8"?>
<record
    xmlns:xsi="http://www.w3.org/2001/XMLSchema-instance"
    xsi:schemaLocation="http://www.loc.gov/MARC21/slim http://www.loc.gov/standards/marcxml/schema/MARC21slim.xsd"
    xmlns="http://www.loc.gov/MARC21/slim">

  <leader>02165nam a2200289Ia 4500</leader>
  <controlfield tag="001">H8153</controlfield>
  <controlfield tag="003">IT-RoPAU</controlfield>
  <controlfield tag="008">130308s9999    xx            000 0 und d</controlfield>
  <datafield tag="040" ind1=" " ind2=" ">
    <subfield code="a">IT-RoPAU</subfield>
  </datafield>
  <datafield tag="040" ind1=" " ind2=" ">
    <subfield code="c">IT-RoPAU</subfield>
  </datafield>
  <datafield tag="041" ind1=" " ind2=" ">
    <subfield code="a">ITALIANO</subfield>
  </datafield>
  <datafield tag="100" ind1=" " ind2=" ">
    <subfield code="a">Gianolio Alfredo</subfield>
  </datafield>
  <datafield tag="100" ind1=" " ind2=" ">
    <subfield code="g">Codice Aut. SPICS: 59245</subfield>
  </datafield>
  <datafield tag="245" ind1=" " ind2=" ">
    <subfield code="a">Pedinando Zavattini. Immagini e testimonianze dal Cerreto al Po</subfield>
  </datafield>
  <datafield tag="245" ind1=" " ind2=" ">
    <subfield code="b">Pedinando Zavattini. immagini e Testimonianze dal Cerreto al Po</subfield>
  </datafield>
  <datafield tag="250" ind1=" " ind2=" ">
    <subfield code="a">1a ed.</subfield>
  </datafield>
  <datafield tag="260" ind1=" " ind2=" ">
    <subfield code="a">REGGIO EMILIA</subfield>
  </datafield>
  <datafield tag="260" ind1=" " ind2=" ">
    <subfield code="b">Diabasis</subfield>
  </datafield>
  <datafield tag="260" ind1=" " ind2=" ">
    <subfield code="c">2004 [1&#xB0; Ed.:2004 - Ed.Ling.Originale:2004]</subfield>
  </datafield>
  <datafield tag="300" ind1=" " ind2=" ">
    <subfield code="a">"208 p. (prefazione: no ; testo: 208 [pagine: 0-0])"</subfield>
  </datafield>
  <datafield tag="500" ind1=" " ind2=" ">
    <subfield code="a">"Mio incontro con Cesare Zavattini Prologo di Gianni Celati. Cerreto Alpi: Tina Zavattini; Margherita Sentieri; Alfredo Sentieri; Lea Pensierini; Pietro Pensierini; Giovanni Lindo Ferretti; Carla Bianchi Casolari; Nello Leonardi; Raffaele Crovi; Pietro Formentini. Reggio Emilia: Giorgio Boccolari; Giorgio Cagnolati; Alessandro Carri; Tullio Masoni; Renzo Bonazzi; Renzo Bagni; Pantaleone. Gualtieri: Serafino Prati; Nerone; Angelo Salomoni; . Guastalla: Elena Guastalla; Marisa Bittasi; Giuseppe Amadei; Umberto Bonafini; Erminio Canova; Giovanni Miglioli; Gustavo Marchesi; Giovanna Manghi Signori. Luzzara: Edria toffoli; Massimo Soprani; Ugo Aldovrandi; Tiziana e Monicacopelli; Renato Bolondi; Bruno Maestri; Guido Sereni; Mario Scardova; Alberto Nodolini; Roberto Tizzi; Azeglio Bertoni; Serafino Valla; Fausto Alberini; Emilio Pozzi; Natale Fornasari; Carlo Sartori; Ermes Soliani; Antonio Benassi; Angelo Leidi; Angelo Maestri; Gianni toti; Sonia Notari; Dino Binacchi; Nives Pecchini Ghizzardi; Raffaele De Garda; Raffaele Andreassi; Valentina Fortichiari. Suzzara: Giovanni Negri; Marzio Dall'Acqua; Antonella Negri; Ottorino Brioni; Nardino Bottazzi; Giordano Cucconi; Egidio e Mauro Gorreri; Antonio Donati; Vittorio Montanari. Villastrada: Arneo Nizzoli; la sala Zavattini; Siro De Padova. Zavattini in 1 Quadro di Piccolo Formato."</subfield>
  </datafield>
  <datafield tag="650" ind1=" " ind2=" ">
    <subfield code="a">AUTORI/OPERE DEL CINEMA</subfield>
  </datafield>
  <datafield tag="650" ind1=" " ind2=" ">
    <subfield code="e">Codice materia Spics: 6807</subfield>
  </datafield>
  <datafield tag="942" ind1=" " ind2=" ">
    <subfield code="c">BK</subfield>
  </datafield>
  <datafield tag="957" ind1=" " ind2=" ">
    <subfield code="7">1</subfield>
  </datafield>
  <datafield tag="999" ind1=" " ind2=" ">
    <subfield code="c">93104</subfield>
    <subfield code="d">93104</subfield>
  </datafield>
  <datafield tag="999" ind1=" " ind2=" ">
    <subfield code="g">1</subfield>
  </datafield>
  <datafield tag="952" ind1=" " ind2=" ">
    <subfield code="0">0</subfield>
    <subfield code="1">0</subfield>
    <subfield code="4">0</subfield>
    <subfield code="6">H_000000000000000_8153</subfield>
    <subfield code="7">1</subfield>
    <subfield code="a">SPICS</subfield>
    <subfield code="b">SPICS</subfield>
    <subfield code="d">2013-03-08</subfield>
    <subfield code="l">0</subfield>
    <subfield code="o">H8153</subfield>
    <subfield code="r">2013-03-08 00:00:00</subfield>
    <subfield code="w">2013-03-08</subfield>
    <subfield code="y">BK</subfield>
    <subfield code="z">Progressivo inserimento:  35833 /  N. Volumi: 1 Copie: 1  / data import: 1 marzo 2013 - By Epidotti, Trombetti, Vaglietti. </subfield>
  </datafield>
</record>
